000
00323 a2200133 4500
000
nam a22 7a 4500
100
_a
S.M. Reddy
110
_a
S.M. Reddy
245
_a
Microbial Physiology
250
_a
latest edition
260
_b
Scientific Publishers
_c
2024
264
_b
Scientific Publishers
_c
2024
942
_c
BK
999
_c
395727
_d
395727